Science Quiz

Random Science or Anatomy Quiz

Bodily Functions Quiz Stats

 Plays Quiz Updated Mar 29, 2019

Score 0/16 Timer 06:00
2 Plays Today
Description Activity/Function % Correct
The process of taking in oxygen and emitting carbon dioxideBreathing
95.5%
The expulsion of gases produced via the digestive process through the rectumFlatulence
95%
The process of producing tears to clean one's eyes, sometimes done in response to emotional pain or joyCrying
95%
The release of gas from the digestive tract through the mouthBurp
94.7%
The involuntary expulsion of the contents of one's stomach through the mouthVomit
94.5%
Thermoregulation, or the regulation of one's body, by means of emitting liquid through the skin.Sweat
94.4%
The disposing of urine from the bladder through the urethraUrination
94.1%
The final act of digestion in which one eliminates waste via the anusDefecation
90.2%
Description Activity/Function % Correct
The transfer of food from the mouth to the stomach, aided by salivaSwallow
90%
Rapid movement of the eye done to cleanse the cornea and conjuctiva from irritants with the use of tearsBlink
89.8%
A convulsive expulsion of air through the nasal passages and mouthSneeze
88.1%
A repetitive defense reflex meant to clear the large breathing passages of foreign particlesCough
87.9%
The flow of saliva outside of the mouthDrooling
85.2%
An audible expression of happiness or inward joyLaugh
79.3%
An esophageal contraction of the diaphragm when an abrupt rush of air causes a closing of the epiglottisHiccup
71.7%
A reflex of simultaneously inhaling air and stretching the eardrums Yawn
68.6%

You're not logged in!

Compare scores with friends on all Sporcle quizzes.
OR
Log In

Sporcle TV

Today on Sporcle TV


Watch our educational content, quiz creation guides, and fun videos on Sporcle TV.

Show Comments

Extras

Top Quizzes Today


Score Distribution

Your Account Isn't Verified!

In order to create a playlist on Sporcle, you need to verify the email address you used during registration. Go to your Sporcle Settings to finish the process.

Report this User

Report this user for behavior that violates our Community Guidelines.

Details: